Inovácie si hľadajú cestu aj do ťažobného priemyslu

V zahraničí sú firmy technickým výzvam otvorenejšie a pri zavádzaní inovácií odvážnejšie. Samojazdiace autá v baniach. Ťažba ropy z mora pomocou ropných plošín. Čistenie potrubí tzv. inteligentnými ježkami. Plávajúca ťažobná plošina Goliat v Barentsovom mori. Inovatívny prístup pri ťažbe zemného ply...

Descrizione completa

Salvato in:
Dettagli Bibliografici
Autore principale: Valachovičová, Viktória
Natura: Capitolo di libro
Lingua:slovacco
Soggetti:
Tags: Aggiungi Tag
Nessun Tag, puoi essere il primo ad aggiungerne!!

MARC

LEADER 00000naa a2200000 4500
001 0233431
005 20190703134020.7
041 0 |a slo 
044 |a SK 
245 1 0 |a Inovácie si hľadajú cestu aj do ťažobného priemyslu  |c Viktória Valachovičová 
520 |a V zahraničí sú firmy technickým výzvam otvorenejšie a pri zavádzaní inovácií odvážnejšie. Samojazdiace autá v baniach. Ťažba ropy z mora pomocou ropných plošín. Čistenie potrubí tzv. inteligentnými ježkami. Plávajúca ťažobná plošina Goliat v Barentsovom mori. Inovatívny prístup pri ťažbe zemného plynu. Ťažba ropy na Slovensku mechanizovaným spôsobom. Málo mechanizované lomy. 
610 2 0 |a ťažba surovín 
610 2 0 |a priemysel ťažobný 
610 2 0 |a ropa 
610 2 0 |a ropovody 
610 2 0 |a plyn zemný 
610 2 0 |a automatizácia 
610 2 0 |a inovácia 
610 2 0 |a ťažba dreva 
100 1 |a Valachovičová, Viktória